000 01346cad a22002535a 4500
001 L160079
008 120529s2010 xxk g 000 0 eng d
035 _a(Sirsi) u160079
041 0 _aeng
110 _aFederation International Des Geometres
111 2 _aFIG Working Week 2010
_bSydney, Australia
_c11-16 April 2010
245 0 4 _aThe best practice for coastal adaptation planning
_ba surveyor's perspective
_h[electronic resource]
260 _aSydney
_bFIG
_c2010
520 _aCompiles 15 sets of concise technical and analytical case studies worldwide, on a range of topics that centre on coastal adaptation planning, climate change and associated sea level rise. It also touches on methodology on valuing un-price and heritage resources in the coastal zone. The case studies are highly focused on problems, methodologies, change processes, results and the lessons learned.
650 2 4 _aCOASTAL PLANNING
650 2 4 _aCLIMATE CHANGE
650 2 4 _aSEA LEVEL RISE
651 4 _aInternational
690 _aPlanning and development
_96259
700 1 _aBoateng, Isaac
856 4 0 _uhttps://www.rics.org/Global/Downloads/The_Best_Practice_for_Coastal_Adaption_Planning.pdf
_zView the presentation free of charge at www.rics.org
856 4 0 _uhttps://www.fig.net/fig2010/
_zView the item free of charge at www.fig.net
942 _n0
999 _c116196
_d116196